<?xml version="1.0" encoding="UTF-8"?>
<record
    xmlns:xsi="http://www.w3.org/2001/XMLSchema-instance"
    xsi:schemaLocation="http://www.loc.gov/MARC21/slim http://www.loc.gov/standards/marcxml/schema/MARC21slim.xsd"
    xmlns="http://www.loc.gov/MARC21/slim">

  <leader>01430nam a2200205 a 4500</leader>
  <controlfield tag="008">190916s2013    a  ||||gr|||| 000 1 spa d</controlfield>
  <datafield tag="020" ind1=" " ind2=" ">
    <subfield code="a">9789504936718</subfield>
  </datafield>
  <datafield tag="041" ind1=" " ind2=" ">
    <subfield code="a">spa</subfield>
  </datafield>
  <datafield tag="092" ind1=" " ind2=" ">
    <subfield code="c">808</subfield>
    <subfield code="l">26</subfield>
    <subfield code="s">FON</subfield>
  </datafield>
  <datafield tag="100" ind1="1" ind2=" ">
    <subfield code="a">Fontanarrosa, Roberto.</subfield>
    <subfield code="9">4089</subfield>
  </datafield>
  <datafield tag="245" ind1=" " ind2=" ">
    <subfield code="a">Best seller.</subfield>
    <subfield code="b">Novela /</subfield>
    <subfield code="c">Roberto Fontanarrosa</subfield>
  </datafield>
  <datafield tag="250" ind1=" " ind2=" ">
    <subfield code="a">1a ed.</subfield>
  </datafield>
  <datafield tag="260" ind1=" " ind2=" ">
    <subfield code="a">Buenos Aires:</subfield>
    <subfield code="b">Planeta;</subfield>
    <subfield code="c">2013.</subfield>
  </datafield>
  <datafield tag="300" ind1=" " ind2=" ">
    <subfield code="a">256 p.</subfield>
    <subfield code="b">21x13cm</subfield>
  </datafield>
  <datafield tag="500" ind1=" " ind2=" ">
    <subfield code="a">Fontanarrosa, R. (2013). Best seller. Novela. (1a ed.). Buenos Aires : Planeta.</subfield>
  </datafield>
  <datafield tag="505" ind1=" " ind2=" ">
    <subfield code="a">"Mirando la mujer con ojos de fiebre y sin separar sus pies de la pista, parec&#xED;a un algo submarina aferrada al limo del fondo y sacudida por las corrientes profundas. Se notaba, sin embargo, que aquel peque&#xF1;azo nada significaba para la mujer, era tan s&#xF3;lo una excusa para estar en la pista, un punto de referencia con respecto al cual oscilar, contraerse y contorsionarse". Best Seller, un aventurero internacional sirio, deber&#xE1; pagar con su propia vida un error cometido en un negocio que no admite errores: el tr&#xE1;fico de armas. Seducir a una bella e inaccesible mujer, la preferida de uno de los jerarcas m&#xE1;s poderosos de la tierra, es la &#xFA;nica salida. Esa genial novela de Roberto Fontanarrosa, que cuando se public&#xF3; fue tratada con condescendencia por la cr&#xED;tica, es hoy un cl&#xE1;sico de la literatura de humor. </subfield>
  </datafield>
  <datafield tag="590" ind1=" " ind2=" ">
    <subfield code="a">Donaci&#xF3;n septiembre 2019.</subfield>
  </datafield>
  <datafield tag="655" ind1=" " ind2=" ">
    <subfield code="a">Literatura</subfield>
    <subfield code="9">2917</subfield>
  </datafield>
  <datafield tag="942" ind1=" " ind2=" ">
    <subfield code="2">ddc</subfield>
    <subfield code="c">LIT</subfield>
  </datafield>
  <datafield tag="999" ind1=" " ind2=" ">
    <subfield code="c">3043</subfield>
    <subfield code="d">3043</subfield>
  </datafield>
  <datafield tag="952" ind1=" " ind2=" ">
    <subfield code="0">0</subfield>
    <subfield code="1">0</subfield>
    <subfield code="2">ddc</subfield>
    <subfield code="4">0</subfield>
    <subfield code="7">0</subfield>
    <subfield code="a">BFM</subfield>
    <subfield code="b">BFM</subfield>
    <subfield code="c">CR</subfield>
    <subfield code="d">2019-09-16</subfield>
    <subfield code="e">Donaci&#xF3;n septiembre 2019.</subfield>
    <subfield code="l">0</subfield>
    <subfield code="o">808 26 FON</subfield>
    <subfield code="p">4576</subfield>
    <subfield code="r">2019-09-16</subfield>
    <subfield code="t">Ej. 1</subfield>
    <subfield code="w">2019-09-16</subfield>
    <subfield code="y">LIT</subfield>
    <subfield code="z">Proyecto 4to libro Donaci&#xF3;n . Septiembre 2019.</subfield>
  </datafield>
</record>
